Effective Bible teaching / (Record no. 239)

MARC details
000 -LEADER
fixed length control field 00654nam a22002172 4500
001 - CONTROL NUMBER
control field 0000000740
005 - DATE AND TIME OF LATEST TRANSACTION
control field 20151021151048.0
008 - FIXED-LENGTH DATA ELEMENTS--GENERAL INFORMATION
fixed length control field 070216s xx 000 0 eng d
020 ## - INTERNATIONAL STANDARD BOOK NUMBER
International Standard Book Number 0801096855 :
Terms of availability GBP 17.99
040 ## - CATALOGING SOURCE
Original cataloging agency KABU
Transcribing agency KABU
050 #0 - LIBRARY OF CONGRESS CALL NUMBER
Classification number BS600.2
Item number .W55
100 1# - MAIN ENTRY--PERSONAL NAME
Personal name Wilhoit, Jim.
-- 0000159924
245 10 - TITLE STATEMENT
Title Effective Bible teaching /
Statement of responsibility, etc. Jim Wilhoit and Leland Ryken.
260 ## - PUBLICATION, DISTRIBUTION, ETC. (IMPRINT)
Place of publication, distribution, etc. Grand Rapids, Michigan :
Name of publisher, distributor, etc. Baker,
Date of publication, distribution, etc. c1988.
300 ## - PHYSICAL DESCRIPTION
Extent 256 p. ;
Dimensions 22 cm.
650 #0 - SUBJECT ADDED ENTRY--TOPICAL TERM
Topical term or geographic name as entry element Bible
General subdivision Study.
-- 0000149058
700 1# - ADDED ENTRY--PERSONAL NAME
Personal name Ryken, Leland.
-- 0000159925
908 ## - PUT COMMAND PARAMETER (RLIN)
Put command parameter 070216
950 ## - LOCAL HOLDINGS (RLIN)
-- 1
Holdings
Withdrawn status Lost status Source of classification or shelving scheme Not for loan Home library Current library Date acquired Total Checkouts Full call number Barcode Date last seen Price effective from Koha item type
    Library of Congress Classification   Kabarak, Main Campus Kabarak, Main Campus 17/12/2015   BS600.2 .W55 001470 02/08/2024 17/12/2015 General Collection
    Library of Congress Classification   Kabarak, Nakuru City Campus Kabarak, Nakuru City Campus 21/10/2015   BS600.2 .W55 c. 1 002978 21/10/2015 21/10/2015 General Collection
Designed with assistance from East African Informatics Ltd